000 00426nam a2200181Ia 4500
008 090123s9999 xx 000 0 und d
082 _b2136
100 _aजोशी ज.
245 _aअंगण
250 _a1
260 _bभगवानदास हि.
300 _a160
600 _aजोशी ज.
630 _aअंगण
700 _aजोशी ज.
730 _aअंगण
942 _cBOOK
999 _c40220
_d40220